Statistiques concernant Tous les numéros 10 de Liga lors de la saison 2023/2024

Cliquez ici pour prendre le quiz!

Statistiques générales

  • Ce quiz a été pris 46 fois
  • Le résultat moyen est 7 sur 18

Statistiques - réponses

ClubNationalitéRéponse% Correct
Real MadridCroatieLuka Modric
98%
SévilleCroatieIvan Rakitic
80%
Atletico MadridArgentineAngel Correa
76%
Real SociedadEspagneMikel Oyarzabal
71%
Celta VigoEspagneIago Aspas
63%
Athletico BilbaoEspagneIker Muniain
49%
VillarealEspagneDani Parejo
44%
GetafeTurquieEnes Unal
39%
AlavesRoumanieIanis Hagi
29%
Rayo VallecanoCap-VertBebe
22%
ValencePortugalAndre Almeida
17%
Betis SévilleEspagneAyoze Perez
17%
Las PalmasEspagneAlberto Moleiro
12%
MajorqueEspagneSergi Darder
12%
OsasunaEspagneAimar Oroz
7%
GrenadeEspagneAntonio Puertas
7%
CadizUruguayBrian Ocampo
5%
AlmeriaEspagneAdrian Embarba
2%

Distribution des résultats

Percentile par nombre de réponses

% des personnes avec chaque résultat

Votre développement - résultats

Vous n’avez pas pris ce quiz